[Event "TIPC 2007 Open"]
[Site "Charleroi"]
[Date "2007.07.28"]
[Round "1.1"]
[White "Toth, Charles"]
[Black "Buhmann, Rainer"]
[Result "0-1"]
[WhiteElo "1859"]
[BlackElo "2583"]
[PlyCount "68"]

1. Nc3 d5 2. e4 e6 3. Nf3 Nf6 4. exd5 exd5 5. d4 Be7 6. Bd3 Bg4 7. O-O O-O 8.
h3 Bh5 9. Bf4 c6 10. g4 Bg6 11. Re1 Nbd7 12. Nh4 Bb4 13. Nf5 Re8 14. Rxe8+ Nxe8
15. Ne2 Nf8 16. c3 Bxf5 17. Bxf5 Bd6 18. Be5 Qe7 19. Bg3 g6 20. Bc2 Bxg3 21.
Nxg3 Nd6 22. Qd2 Re8 23. Rf1 Qh4 24. Kg2 Ne6 25. f4 Nc4 26. Qc1 Nf8 27. Rf3 Qe7
28. Nf1 Qc7 29. Ng3 c5 30. f5 cxd4 31. f6 Ne3+ 32. Kf2 Ne6 33. Qd2 Ng5 34. Ba4
Nxh3+ 0-1

[Event "TIPC 2007 Open"]
[Site "Charleroi"]
[Date "2007.07.28"]
[Round "1.2"]
[White "Hovhanisian, Mher"]
[Black "Gaillet, David"]
[Result "1-0"]
[WhiteElo "2422"]
[BlackElo "1857"]
[PlyCount "63"]

1. e4 e5 2. Nf3 Nc6 3. Nc3 Bc5 4. g3 d6 5. Bg2 Bg4 6. h3 Bh5 7. d3 Nge7 8. Na4
O-O 9. g4 Bg6 10. Nxc5 dxc5 11. h4 h5 12. Ng5 hxg4 13. h5 Bh7 14. h6 g6 15. Be3
Qd6 16. Qxg4 c4 17. O-O-O c3 18. bxc3 Qa3+ 19. Kd2 Rad8 20. Nf3 Rd6 21. Rb1
Rfd8 22. Rxb7 Qxa2 23. Ne1 R6d7 24. Qg5 Qe6 25. Bh3 f5 26. Rg1 Kh8 27. Rb5 a6
28. Rc5 Rf8 29. f4 exf4 30. Qxf4 Qd6 31. e5 Qe6 32. c4 1-0

[Event "TIPC 2007 Open"]
[Site "Charleroi"]
[Date "2007.07.28"]
[Round "1.3"]
[White "Vandevenne, Peter"]
[Black "Claesen, Pieter"]
[Result "0-1"]
[WhiteElo "1852"]
[BlackElo "2388"]
[PlyCount "34"]

1. d4 d5 2. c4 c6 3. cxd5 cxd5 4. Nc3 Nf6 5. Bg5 Nc6 6. e3 Ne4 7. Bh4 Qa5 8.
Qb3 e6 9. Bd3 g5 10. Bg3 Nxg3 11. hxg3 h6 12. Nf3 Bg7 13. Rc1 Bd7 14. a3 Rb8
15. Qb5 Qd8 16. Qa4 Nxd4 17. Qxa7 Nb3 0-1

[Event "TIPC 2007 Open"]
[Site "Charleroi"]
[Date "2007.07.28"]
[Round "1.4"]
[White "Hetey, Laszio"]
[Black "Martin, Fabrice"]
[Result "1-0"]
[WhiteElo "2344"]
[BlackElo "1841"]
[PlyCount "41"]

1. d4 Nf6 2. c4 c5 3. d5 b5 4. cxb5 a6 5. b6 Qxb6 6. Nc3 d6 7. Nf3 g6 8. Nd2
Bg7 9. e4 O-O 10. a4 Nbd7 11. a5 Qc7 12. Be2 e6 13. dxe6 fxe6 14. Nc4 Ne8 15.
O-O Bb7 16. Bg4 Bxc3 17. Bxe6+ Kh8 18. bxc3 Ndf6 19. Bh6 Ng7 20. Qxd6 Nxe6 21.
Bxf8 1-0

[Event "TIPC 2007 Open"]
[Site "Charleroi"]
[Date "2007.07.28"]
[Round "1.5"]
[White "Colilli, Lorenzo"]
[Black "Jadoul, Michel"]
[Result "0-1"]
[WhiteElo "1839"]
[BlackElo "2337"]
[PlyCount "44"]

1. e4 c5 2. Nf3 g6 3. d4 Bg7 4. Be3 Nf6 5. Nc3 cxd4 6. Nxd4 Nc6 7. Be2 O-O 8.
Qd2 d6 9. O-O-O Nxd4 10. Bxd4 Be6 11. Kb1 Qc7 12. f3 Rfc8 13. g4 Qa5 14. g5 Nh5
15. Bxg7 Kxg7 16. Qd4+ Qe5 17. Qxe5+ dxe5 18. Bb5 Rc7 19. Nd5 Bxd5 20. Rxd5 Nf4
21. Rxe5 f6 22. gxf6+ exf6 0-1

[Event "TIPC 2007 Open"]
[Site "Charleroi"]
[Date "2007.07.28"]
[Round "1.6"]
[White "Thompson, Lan"]
[Black "Vanderose, Michel"]
[Result "1-0"]
[WhiteElo "2322"]
[BlackElo "1838"]
[PlyCount "77"]

1. c4 Nf6 2. Nc3 e6 3. e4 c5 4. e5 Ng8 5. Nf3 Nc6 6. d4 cxd4 7. Nxd4 a6 8. Nxc6
bxc6 9. Bd3 Qc7 10. Bf4 Ne7 11. Qe2 Ng6 12. Bg3 Bb7 13. O-O c5 14. f4 d6 15. f5
Nxe5 16. fxe6 fxe6 17. Bxe5 dxe5 18. Qh5+ Kd7 19. Rad1 Be7 20. Bf5+ Kc8 21.
Bxe6+ Kb8 22. Rd7 Qc6 23. Qxe5+ Ka7 24. Rxb7+ Qxb7 25. Bd5 Bf6 26. Qg3 Bd4+ 27.
Kh1 Raf8 28. Rd1 Qb8 29. Qg4 Qc7 30. Bf3 h5 31. Qg6 Qf7 32. Qc6 Rc8 33. Qa4
Rhd8 34. Nd5 Rb8 {(=)} 35. b4 Rxd5 36. Bxd5 Qe8 37. b5 Rb6 38. Qa5 Qe2 39. Re1
1-0

[Event "TIPC 2007 Open"]
[Site "Charleroi"]
[Date "2007.07.28"]
[Round "1.7"]
[White "Maesfranckx, Philippe"]
[Black "Maes, Wim"]
[Result "0-1"]
[WhiteElo "1837"]
[BlackElo "2319"]
[PlyCount "134"]

1. e4 c5 2. Nf3 e6 3. d4 cxd4 4. Nxd4 Nc6 5. Be3 Qc7 6. Nc3 a6 7. Nxc6 bxc6 8.
Qd4 Rb8 9. O-O-O e5 10. Qc4 Qa5 11. Qa4 Qb4 12. Qxb4 Rxb4 13. a3 Rb8 14. f4 d6
15. fxe5 dxe5 16. h3 Nf6 17. Be2 Be7 18. g4 Bb7 19. Bc4 h6 20. Rhg1 Bc8 21.
Rgf1 O-O 22. Rh1 Ne8 23. Rdg1 Nd6 24. Be2 Nb5 25. Nxb5 axb5 26. g5 Bxg5 27.
Bxg5 hxg5 28. Rxg5 f6 29. Rg3 Rd8 30. Rhg1 Rb7 31. h4 Be6 32. Rc3 Rd6 33. Rd1
Rxd1+ 34. Kxd1 Bd7 35. Rg3 c5 36. Bg4 c4 37. Ke2 Bxg4+ 38. Rxg4 Rd7 39. Rg1 Rd4
40. Ke3 Kf7 41. Rg2 Rd8 42. Rd2 Rh8 43. Rd7+ Kg6 44. Rb7 Rxh4 45. Rxb5 Rh2 46.
a4 Rxc2 47. a5 Rc1 48. Kd2 Ra1 49. Kc3 Ra4 50. b4 cxb3 51. Kxb3 Ra1 52. Kc4 Kg5
53. Kc5 Kf4 54. Kb6 g5 55. a6 g4 56. Ra5 Rxa5 57. Kxa5 g3 58. a7 g2 59. a8=Q
g1=Q 60. Qf8 Qg6 61. Qc8 Qxe4 62. Qc1+ Kf5 63. Qf1+ Qf4 64. Qd3+ Kg5 65. Qh7 e4
66. Qg7+ Kh4 67. Qh7+ Kg3 0-1

[Event "TIPC 2007 Open"]
[Site "Charleroi"]
[Date "2007.07.28"]
[Round "1.8"]
[White "Mohandesi, Shahin"]
[Black "Hanset, Marc"]
[Result "1-0"]
[WhiteElo "2318"]
[BlackElo "1836"]
[PlyCount "59"]

1. d4 Nf6 2. Nf3 e6 3. Bg5 h6 4. Bh4 d5 5. e3 c5 6. c3 Nc6 7. Nbd2 cxd4 8. exd4
Be7 9. Bd3 O-O 10. O-O Nd7 11. Bxe7 Qxe7 12. Re1 Qf6 13. Qe2 b6 14. Ne5 Ndxe5
15. dxe5 Qd8 16. Nf3 Bb7 17. Rad1 Ne7 18. Nd4 Qd7 19. Qg4 Nc6 20. Bb5 a6 21.
Bxc6 Bxc6 22. Rd3 Kh8 23. Rg3 Rg8 24. Ree3 Bb5 25. Rh3 Qe7 26. Qf4 Kh7 27. Rh5
g5 28. Qg4 Raf8 29. f4 Bd7 30. Reh3 1-0

[Event "TIPC 2007 Open"]
[Site "Charleroi"]
[Date "2007.07.28"]
[Round "1.9"]
[White "Moretus, Cédric"]
[Black "Henris, Luc"]
[Result "0-1"]
[WhiteElo "1936"]
[BlackElo "2294"]
[PlyCount "56"]

1. d4 d5 2. c4 Nc6 3. Nc3 dxc4 4. d5 Ne5 5. f4 Ng6 6. e4 e6 7. dxe6 Qxd1+ 8.
Nxd1 fxe6 9. Bxc4 Nf6 10. Nc3 Bb4 11. Bd3 Bd7 12. Nge2 O-O-O 13. Be3 e5 14. h3
exf4 15. Nxf4 Nxf4 16. Bxf4 Nxe4 17. Bxe4 Bxc3+ 18. bxc3 Rde8 19. Kd2 Rxe4 20.
Be3 Rhe8 21. Rhe1 Bb5 22. Bd4 Re2+ 23. Rxe2 Rxe2+ 24. Kd1 Rxg2 25. Rb1 Bd7 26.
h4 g6 27. a3 Rh2 28. Bf6 Rh1+ 0-1

[Event "TIPC 2007 Open"]
[Site "Charleroi"]
[Date "2007.07.28"]
[Round "1.10"]
[White "Van Mechelen, Jan"]
[Black "Willen, Ronny"]
[Result "1-0"]
[WhiteElo "2292"]
[BlackElo "1834"]
[PlyCount "77"]

1. e4 c5 2. Nf3 d6 3. d4 cxd4 4. Nxd4 Nf6 5. Nc3 g6 6. Be3 Bg7 7. f3 O-O 8. Qd2
Nc6 9. O-O-O Nxd4 10. Bxd4 Be6 11. Kb1 Qc7 12. Bb5 Rfc8 13. Ba4 Qa5 14. Bb3
Bxb3 15. axb3 b5 16. h4 Rc6 17. Nd5 Qxd2 18. Rxd2 Nxd5 19. exd5 Rc7 20. h5 Bxd4
21. Rxd4 Rc5 22. g4 Kg7 23. g5 gxh5 24. Rxh5 a6 25. c3 Rac8 26. Kc2 a5 27. Kd3
Rd8 28. Ke3 e5 29. dxe6 fxe6 30. Rdh4 Rh8 31. f4 Rf5 32. Ke4 Rhf8 33. Rxh7+ Kg8
34. Rh8+ Kg7 35. R4h7+ Kg6 36. Rh6+ Kg7 37. Rxf8 d5+ 38. Kd4 Rxf8 39. Rxe6 1-0

[Event "TIPC 2007 Open"]
[Site "Charleroi"]
[Date "2007.07.28"]
[Round "1.11"]
[White "Peeters, Simonne"]
[Black "Le Quang, Kim"]
[Result "0-1"]
[WhiteElo "1828"]
[BlackElo "2284"]
[PlyCount "54"]

1. d4 Nf6 2. Nf3 g6 3. c4 Bg7 4. Nc3 d6 5. e4 O-O 6. Be2 e5 7. d5 Na6 8. O-O
Nc5 9. Qc2 a5 10. Be3 Ng4 11. Bg5 f6 12. Bd2 f5 13. Bg5 Qe8 14. h3 Nf6 15. Nd2
h6 16. Be3 f4 17. Bxc5 dxc5 18. Nf3 Rf7 19. Nb5 Bf8 20. a4 Rg7 21. Bd3 g5 22.
Qc3 Bd6 23. Kh2 g4 24. Nh4 Qh5 25. Nf5 Bxf5 26. exf5 gxh3 27. g3 Qf3 0-1

[Event "TIPC 2007 Open"]
[Site "Charleroi"]
[Date "2007.07.28"]
[Round "1.12"]
[White "Denayer, Eric"]
[Black "Werner, Guy"]
[Result "1-0"]
[WhiteElo "2276"]
[BlackElo "1827"]
[PlyCount "75"]

1. Nf3 f5 2. g3 Nf6 3. Bg2 e6 4. O-O Be7 5. b3 O-O 6. Bb2 Qe8 7. Na3 c6 8. d3
Qh5 9. Nc4 d6 10. Ba3 c5 11. d4 Nbd7 12. dxc5 dxc5 13. Bb2 Nd5 14. e3 N7f6 15.
Nfe5 Qh6 16. Qe2 b5 17. Nd2 Rb8 18. e4 fxe4 19. Nxe4 Nxe4 20. Bxe4 Qh3 21. Bg2
Qf5 22. Qe4 Qxe4 23. Bxe4 Rb6 24. Rad1 Nf6 25. Bg2 Rd6 26. Nc6 Kf7 27. Nxa7 Ba6
28. Nc6 Rxd1 29. Rxd1 Re8 30. Bh3 Bc8 31. Ne5+ Kf8 32. c4 bxc4 33. bxc4 Bd8 34.
Bg2 Bc7 35. Bc6 Rd8 36. Rxd8+ Bxd8 37. Ba3 Bb6 38. Nd3 1-0

[Event "TIPC 2007 Open"]
[Site "Charleroi"]
[Date "2007.07.28"]
[Round "1.13"]
[White "Taverniers, Pieter"]
[Black "Bolzoni, Victor Angel"]
[Result "0-1"]
[WhiteElo "1805"]
[BlackElo "2240"]
[PlyCount "56"]

1. c4 Nf6 2. Nc3 d5 3. cxd5 Nxd5 4. g3 Nb6 5. Bg2 g6 6. e3 Bg7 7. d4 Na6 8.
Nge2 O-O 9. O-O Re8 10. a3 c6 11. b4 Nc7 12. Na4 Nxa4 13. Qxa4 Be6 14. Qc2 a5
15. Bd2 a4 16. Nc3 Bb3 17. Qb2 e5 18. Ne2 Bc4 19. Rfe1 Bxe2 20. Rxe2 exd4 21.
Ree1 dxe3 22. Bc3 Bxc3 23. Qxc3 exf2+ 24. Kxf2 Nb5 25. Rxe8+ Qxe8 26. Qc5 Rd8
27. Re1 Rd2+ 28. Kf1 Qd8 0-1

[Event "TIPC 2007 Open"]
[Site "Charleroi"]
[Date "2007.07.28"]
[Round "1.14"]
[White "Vanderwaeren, Serge"]
[Black "Reyskens, Jules"]
[Result "1-0"]
[WhiteElo "2225"]
[BlackElo "1797"]
[PlyCount "51"]

1. Nf3 d5 2. c4 d4 3. g3 Nc6 4. Bg2 Nf6 5. d3 e5 6. O-O a5 7. Na3 Be7 8. Nb5
O-O 9. e3 Bg4 10. h3 Bxf3 11. Bxf3 Bc5 12. exd4 exd4 13. Bg5 Ne5 14. Bxb7 Rb8
15. Bg2 c6 16. Na3 Rxb2 17. Nc2 Qb6 18. Ne1 Rb8 19. Bxf6 gxf6 20. Nf3 Ng6 21.
Nd2 Bf8 22. Ne4 c5 23. f4 Bg7 24. Qh5 Qc7 25. Qxc5 Qb7 26. Nxf6+ 1-0

[Event "TIPC 2007 Open"]
[Site "Charleroi"]
[Date "2007.07.28"]
[Round "1.15"]
[White "Georges, Benoit"]
[Black "Smokina, Karolina"]
[Result "0-1"]
[WhiteElo "1784"]
[BlackElo "2205"]
[PlyCount "48"]

1. e4 c5 2. Nc3 Nc6 3. f4 g6 4. Nf3 Bg7 5. Bb5 Nd4 6. Bd3 d6 7. Nxd4 cxd4 8.
Ne2 e5 9. O-O Ne7 10. c3 Nc6 11. Kh1 exf4 12. cxd4 O-O 13. Bc4 Nxd4 14. Nxd4
Bxd4 15. Rxf4 Be6 16. Qb3 Bxc4 17. Qxc4 Be5 18. Rf3 Rc8 19. Qe2 Rc2 20. g3 Qc7
21. Qd1 Rc8 22. Rc3 Bxc3 23. dxc3 Qc4 24. Qe1 Re2 0-1

[Event "TIPC 2007 Open"]
[Site "Charleroi"]
[Date "2007.07.29"]
[Round "2.1"]
[White "Buhmann, Rainer"]
[Black "Timmermans, Daniel"]
[Result "1-0"]
[WhiteElo "2583"]
[BlackElo "2006"]
[PlyCount "117"]

1. Nf3 f5 2. c4 Nf6 3. g3 g6 4. Bg2 Bg7 5. O-O O-O 6. Nc3 d6 7. d4 Nc6 8. d5
Na5 9. Qa4 b6 10. Nd4 Ne4 11. Nxe4 Bxd4 12. Ng5 Bd7 13. Qc2 Rb8 14. Rb1 Qc8 15.
h4 Nb7 16. h5 Bf6 17. hxg6 hxg6 18. Qd2 Nd8 19. b3 Bg7 20. Bb2 Bxb2 21. Rxb2
Nf7 22. Qf4 Nxg5 23. Qxg5 Qe8 24. e4 Qf7 25. exf5 Qxf5 26. Qxf5 Bxf5 27. Re1
Rfe8 28. b4 Kg7 29. Re3 e5 30. Ra3 Ra8 31. f3 a6 32. Kf2 Ra7 33. Ke3 Rea8 34.
c5 a5 35. g4 Bd7 36. cxb6 cxb6 37. bxa5 bxa5 38. Bf1 Kf6 39. Bd3 Rc8 40. Rb6
Ke7 41. Bxg6 Rc5 42. Be4 a4 43. g5 Rc8 44. f4 exf4+ 45. Kxf4 Rf8+ 46. Kg3 Rh8
47. Bf3 Rg8 48. Re3+ Kd8 49. Rb8+ Bc8 50. Bg4 Rc7 51. Bxc8 Rxc8 52. Rxc8+ Kxc8
53. Kg4 Kc7 54. Rc3+ Kd7 55. Rc4 Ra8 56. Re4 Ra5 57. g6 Ra8 58. Kg5 a3 59. g7
1-0

[Event "TIPC 2007 Open"]
[Site "Charleroi"]
[Date "2007.07.29"]
[Round "2.2"]
[White "Belva, Frederic"]
[Black "Hovhanisian, Mher"]
[Result "0-1"]
[WhiteElo "1986"]
[BlackElo "2422"]
[PlyCount "84"]

1. Nf3 Nf6 2. b3 d5 3. Bb2 e6 4. e3 Be7 5. d4 a5 6. Bd3 c6 7. Nbd2 a4 8. c4
Nbd7 9. O-O Qa5 10. Qe2 a3 11. Bc1 c5 12. Nb1 cxd4 13. exd4 b6 14. Bd2 Bb4 15.
Qe1 Bxd2 16. Qxd2 Qxd2 17. Nbxd2 Ba6 18. Rfe1 Ke7 19. Rac1 Rhc8 20. Bf1 Ra7 21.
Rc3 Rac7 22. Rec1 Bb7 23. Re1 Ne8 24. Rce3 Nd6 25. Ng5 Nf6 26. g3 Nf5 27. Nxe6
fxe6 28. Rxe6+ Kf8 29. cxd5 Nxd4 30. Rxb6 Bxd5 31. Bc4 Bb7 32. Rd6 Rd7 33. Rxd7
Nxd7 34. Re3 Nf6 35. f3 Nc2 36. Re5 Rd8 37. Re2 Nb4 38. Ne4 Rd1+ 39. Kf2 Nxe4+
40. fxe4 Ra1 41. Ke3 Rxa2 42. Re1 Nc2+ 0-1

[Event "TIPC 2007 Open"]
[Site "Charleroi"]
[Date "2007.07.29"]
[Round "2.3"]
[White "Claesen, Pieter"]
[Black "Russo, Bruno"]
[Result "1-0"]
[WhiteElo "2388"]
[BlackElo "1982"]
[PlyCount "61"]

1. c4 Nf6 2. Nc3 g6 3. g3 Bg7 4. Bg2 O-O 5. e4 d6 6. Nge2 e5 7. O-O Nc6 8. d3
Ne7 9. h3 Ne8 10. d4 Bd7 11. dxe5 dxe5 12. Be3 Nd6 13. c5 Nb5 14. Qd3 Nxc3 15.
Nxc3 c6 16. Bg5 f6 17. Rfd1 Be6 18. Be3 Qc8 19. Qf1 Qc7 20. Rd6 Kf7 21. Rad1
Nc8 22. R6d2 Ne7 23. f4 f5 24. Rd6 Nc8 25. exf5 gxf5 26. Rxe6 Kxe6 27. Qc4+ Ke7
28. fxe5 Bxe5 29. Bg5+ Bf6 30. Re1+ Kd8 31. Bxf6+ 1-0

[Event "TIPC 2007 Open"]
[Site "Charleroi"]
[Date "2007.07.29"]
[Round "2.4"]
[White "Denivet, Axel"]
[Black "Hetey, Laszio"]
[Result "0-1"]
[WhiteElo "1978"]
[BlackElo "2344"]
[PlyCount "72"]

1. e4 c5 2. Nf3 Nc6 3. d4 cxd4 4. Nxd4 g6 5. Be3 Nf6 6. Nc3 Bg7 7. Bc4 Qa5 8.
O-O O-O 9. Bb3 d6 10. Nd5 Re8 11. Nxf6+ Bxf6 12. f4 Bd7 13. Nxc6 Bxc6 14. Bd4
Bxd4+ 15. Qxd4 Qc5 16. Qxc5 dxc5 17. Bd5 Bb5 18. Rfd1 Red8 19. e5 Be2 20. Re1
Bg4 21. Be4 Rd2 22. h3 Be6 23. Rad1 Rad8 24. Rxd2 Rxd2 25. b3 Bf5 26. Bxf5 gxf5
27. Kf1 Rxc2 28. Re2 Rxe2 29. Kxe2 b5 30. g4 e6 31. gxf5 exf5 32. a3 Kf8 33. b4
c4 34. Ke3 Ke7 35. Kd4 Ke6 36. Kc3 Kd5 0-1

[Event "TIPC 2007 Open"]
[Site "Charleroi"]
[Date "2007.07.29"]
[Round "2.5"]
[White "Jadoul, Michel"]
[Black "Vanhee, Freddy"]
[Result "1-0"]
[WhiteElo "2337"]
[BlackElo "1970"]
[PlyCount "69"]

1. b3 Nf6 2. Bb2 e6 3. f4 d5 4. Nf3 c5 5. e3 Be7 6. Ne5 O-O 7. Bd3 Nc6 8. Nxc6
bxc6 9. O-O c4 10. bxc4 Ba6 11. cxd5 Bxd3 12. cxd3 cxd5 13. Qa4 Qd7 14. Qxd7
Nxd7 15. Kf2 Rfc8 16. Ke2 Rab8 17. Rc1 Rxc1 18. Bxc1 Bf6 19. d4 Be7 20. Ba3
Bxa3 21. Nxa3 Rb2 22. Kd1 Kf8 23. Kc1 Rb4 24. Nc2 Ra4 25. a3 Rc4 26. Rb1 Nb6
27. Kd1 Ke7 28. Nb4 Kd6 29. Rb3 Na4 30. Nd3 Rc7 31. Rb8 f6 32. g4 h6 33. h4 Ke7
34. f5 h5 35. gxh5 1-0

[Event "TIPC 2007 Open"]
[Site "Charleroi"]
[Date "2007.07.29"]
[Round "2.6"]
[White "Dessomme, François"]
[Black "Thompson, Lan"]
[Result "0-1"]
[WhiteElo "1969"]
[BlackElo "2322"]
[PlyCount "140"]

1. d4 d5 2. Nf3 Nf6 3. e3 c5 4. b3 Nc6 5. Bd3 Bg4 6. Bb2 cxd4 7. exd4 e6 8.
Nbd2 Bd6 9. O-O O-O 10. c4 Rc8 11. h3 Bh5 12. Rc1 Bb8 13. Be2 Re8 14. Ne5 Bxe2
15. Qxe2 dxc4 16. Nxc6 Rxc6 17. bxc4 Qa5 18. a3 Bf4 19. Rfd1 Rec8 20. g3 Bb8
21. Rc2 Qf5 22. Rdc1 Qxh3 23. Nf1 Re8 24. Re1 Rcc8 25. Qf3 b6 26. Ne3 e5 27. d5
e4 28. Qh1 Qxh1+ 29. Kxh1 Be5 30. Rb1 Bxb2 31. Rcxb2 Rc5 32. Rb4 Nd7 33. Nf5
Re5 34. Nd4 Re8 35. Nf5 g6 36. Nd6 Re5 37. Re1 f5 38. g4 a5 39. Rbb1 Kf8 40.
gxf5 Ke7 41. Nxe4 Rxc4 42. f6+ Nxf6 43. d6+ Ke6 44. Ng5+ Kf5 45. Rxe5+ Kxe5 46.
Nf3+ Kxd6 47. Rxb6+ Rc6 48. Rb5 Rc5 49. Rb6+ Ke7 50. Nd4 Ng4 51. Rb7+ Kf6 52.
Rxh7 Rc4 53. Nb5 Nxf2+ 54. Kg2 Ne4 55. Ra7 a4 56. Ra6+ Kg5 57. Ra8 Kf4 58. Rf8+
Kg4 59. Rd8 Kf4 60. Rd4 Rc2+ 61. Kg1 Ke3 62. Rxa4 Ng5 63. Nd4 Rd2 64. Ra6 Nh3+
65. Kh1 Rxd4 66. Rxg6 Kf3 67. Kh2 Nf4 68. Rg3+ Kf2 69. Rb3 Ne2 70. Kh3 Ng1+ 0-1

[Event "TIPC 2007 Open"]
[Site "Charleroi"]
[Date "2007.07.29"]
[Round "2.7"]
[White "Maes, Wim"]
[Black "Decellier, Patrick"]
[Result "1-0"]
[WhiteElo "2319"]
[BlackElo "1968"]
[PlyCount "85"]

1. e4 e6 2. d3 d5 3. Nd2 c5 4. g3 Nc6 5. Bg2 g6 6. Ngf3 Bg7 7. O-O Nge7 8. Re1
O-O 9. c3 Qc7 10. Qe2 b5 11. Nf1 a5 12. e5 b4 13. h4 Ba6 14. N1h2 Rab8 15. Ng4
Nf5 16. Bf4 bxc3 17. bxc3 Rb7 18. Rad1 Rfb8 19. Bc1 Rb1 20. h5 a4 21. Qc2 Qa5
22. hxg6 fxg6 23. Ng5 Nd8 24. Nf6+ Bxf6 25. exf6 Bc8 26. Bxd5 R1b6 27. Bg2 Nd6
28. Ne4 Nxe4 29. dxe4 Nf7 30. e5 Bb7 31. Bxb7 R6xb7 32. Re4 Ra8 33. f4 Qb5 34.
Qe2 Qc6 35. Re3 c4 36. Re4 Rc8 37. Red4 Qa6 38. Ba3 Qa7 39. Kh2 Qa6 40. Bb4 Qc6
41. R1d2 Qc7 42. Qe4 Nh6 43. Qxb7 1-0

[Event "TIPC 2007 Open"]
[Site "Charleroi"]
[Date "2007.07.29"]
[Round "2.8"]
[White "Audin, Thierry"]
[Black "Mohandesi, Shahin"]
[Result "0-1"]
[WhiteElo "1965"]
[BlackElo "2318"]
[PlyCount "90"]

1. d4 Nf6 2. Nc3 d5 3. Bg5 Nbd7 4. f3 c5 5. e4 cxd4 6. Qxd4 dxe4 7. Bb5 a6 8.
Bc4 Qb6 9. Bxf6 gxf6 10. O-O-O Qxd4 11. Rxd4 exf3 12. Nxf3 e6 13. Re1 Bc5 14.
Rd5 Bb4 15. Rd3 Nb6 16. Bb3 Bd7 17. a3 Bxc3 18. Rxc3 Rc8 19. Rce3 Rg8 20. g3
Nc4 21. Rc3 Na5 22. Rxc8+ Bxc8 23. Ba2 Rg4 24. Nd2 Ke7 25. b4 Nc6 26. Bd5 Ne5
27. Be4 h5 28. c4 b6 29. Kc2 h4 30. Re3 hxg3 31. hxg3 Kd6 32. Rc3 f5 33. Bg2
Bd7 34. Kb3 Bc6 35. Bf1 Rd4 36. Rc2 a5 37. Be2 Kc7 38. Kc3 Rd8 39. b5 Bb7 40.
Rc1 Rg8 41. Nf1 Nd7 42. Rd1 Nc5 43. Kd4 Bg2 44. Ne3 Rxg3 45. Nxg2 Rxg2 0-1

[Event "TIPC 2007 Open"]
[Site "Charleroi"]
[Date "2007.07.29"]
[Round "2.9"]
[White "Henris, Luc"]
[Black "Debilloez, Yves"]
[Result "1-0"]
[WhiteElo "2294"]
[BlackElo "1961"]
[PlyCount "55"]

1. e4 c6 2. d4 d5 3. f3 dxe4 4. fxe4 e5 5. Nf3 Be6 6. c3 Nf6 7. Bd3 Nbd7 8. O-O
Bd6 9. Ng5 Qe7 10. Nxe6 Qxe6 11. Nd2 O-O 12. Qe2 Rae8 13. a4 Kh8 14. b3 Qg4 15.
Qxg4 Nxg4 16. Nc4 Bc7 17. Ba3 exd4 18. Bxf8 Bxh2+ 19. Kh1 Rxf8 20. cxd4 Bg3 21.
Ra2 Ndf6 22. e5 Nd5 23. Rf3 Bf4 24. Be4 g5 25. g3 Nb4 26. Re2 b5 27. Nd6 f5 28.
Bxf5 1-0

[Event "TIPC 2007 Open"]
[Site "Charleroi"]
[Date "2007.07.29"]
[Round "2.10"]
[White "Todts, Benny"]
[Black "Van Mechelen, Jan"]
[Result "0-1"]
[WhiteElo "1951"]
[BlackElo "2292"]
[PlyCount "102"]

1. e4 c5 2. d4 cxd4 3. Nf3 d6 4. Nxd4 Nf6 5. Nc3 a6 6. Bg5 e6 7. f4 Be7 8. Qf3
Qa5 9. Bd3 Bd7 10. Nb3 Qc7 11. O-O Nc6 12. Rae1 Rc8 13. Qg3 h6 14. Qh4 Rg8 15.
Bxf6 Bxf6 16. Qg3 b5 17. e5 dxe5 18. fxe5 Bxe5 19. Qf3 Rf8 20. Qh5 Bxc3 21.
bxc3 Ne7 22. Kh1 Qd6 23. Nd2 Qd5 24. Re5 Qxa2 25. Ne4 Rc6 26. Nc5 Bc8 27. Be4
Rd6 28. Bd3 Qa3 29. Qg4 g6 30. Ne4 Rc6 31. Nf6+ Kd8 32. Rd1 Rd6 33. Ne4 Rd5 34.
Qf4 Bd7 35. Rxd5 Nxd5 36. Qh4+ Kc8 37. Qxh6 Rd8 38. Qg7 f5 39. Ng5 Qxc3 40.
Qxg6 Nf4 41. Qf7 Qe5 42. Nf3 Qe3 43. Re1 Qf2 44. Qg7 Bc6 45. Rf1 Qc5 46. Qh6
Qd6 47. Ne1 Nxd3 48. Nxd3 Be4 49. Qg7 Rd7 50. Qg8+ Kc7 51. Qh8 Qd4 0-1

[Event "TIPC 2007 Open"]
[Site "Charleroi"]
[Date "2007.07.30"]
[Round "3.1"]
[White "Dal Borgo, Albin"]
[Black "Buhmann, Rainer"]
[Result "0-1"]
[WhiteElo "2147"]
[BlackElo "2583"]
[PlyCount "80"]

1. d4 d5 2. Bf4 c6 3. e3 Nf6 4. Nf3 Nbd7 5. Bd3 Qb6 6. b3 Nh5 7. Bg3 g6 8. O-O
Nxg3 9. hxg3 Bg7 10. c3 O-O 11. Nbd2 e5 12. dxe5 Nxe5 13. Nxe5 Bxe5 14. Qc2 a5
15. Rac1 a4 16. b4 Bg4 17. Nf3 Bf6 18. Rb1 a3 19. Nd4 Rfc8 20. Rb3 Qd8 21. Qc1
b6 22. Rxa3 {(=)} c5 23. bxc5 bxc5 24. Nf3 c4 25. Rxa8 Rxa8 26. Bb1 Bxf3 27.
gxf3 Qa5 28. e4 dxe4 29. Bxe4 Rc8 30. Qc2 Bxc3 31. Rd1 Bf6 32. Rd6 Kg7 33. Rc6
Qe1+ 34. Kg2 Rd8 35. Rxf6 Kxf6 36. Qxc4 Rd1 37. Qc6+ Kg7 38. Kh3 Qh1+ 39. Kg4
Qh5+ 40. Kf4 Qh6+ 0-1

[Event "TIPC 2007 Open"]
[Site "Charleroi"]
[Date "2007.07.30"]
[Round "3.2"]
[White "Hovhanisian, Mher"]
[Black "Hoffmeister, Frank"]
[Result "1-0"]
[WhiteElo "2422"]
[BlackElo "2107"]
[PlyCount "97"]

1. d4 d5 2. c4 c6 3. Nf3 Nf6 4. e3 e6 5. Nc3 Nbd7 6. Qc2 Bd6 7. Bd2 O-O 8. Bd3
dxc4 9. Bxc4 e5 10. O-O Qe7 11. h3 e4 12. Ng5 Nb6 13. Bb3 Bf5 14. f3 Bg6 15.
Ngxe4 Nxe4 16. fxe4 Rae8 17. Qd1 Bxe4 {(=)} 18. Nxe4 Qxe4 19. Qf3 Qxf3 20. Rxf3
Nd7 21. Raf1 Nf6 22. g4 Re7 23. Kg2 Ne4 24. Be1 h6 25. Bh4 Rd7 26. Be1 Re7 27.
Rf5 c5 28. Bh4 g5 29. Be1 Kg7 30. dxc5 Be5 31. Bd5 Bxb2 32. Bb4 a5 33. Bxa5
Nxc5 34. Bb4 b6 35. a4 Rc7 36. a5 bxa5 37. Bxa5 Re7 38. Bb4 Rc7 39. Bxf7 Rcxf7
40. Rxf7+ Rxf7 41. Rxf7+ Kxf7 42. Bxc5 Kg6 43. Kf3 h5 44. Ke4 hxg4 45. hxg4 Bf6
46. Bd4 Bd8 47. Ke5 Be7 48. Ke6 Bd8 49. e4 1-0

[Event "TIPC 2007 Open"]
[Site "Charleroi"]
[Date "2007.07.30"]
[Round "3.3"]
[White "Sclacmender, Julien"]
[Black "Claesen, Pieter"]
[Result "1-0"]
[WhiteElo "2131"]
[BlackElo "2388"]
[PlyCount "89"]

1. e4 e6 2. d4 d5 3. Nc3 Bb4 4. e5 c5 5. Bd2 Ne7 6. Nb5 Bxd2+ 7. Qxd2 O-O 8. f4
a6 9. Nd6 cxd4 10. Nf3 Nbc6 11. Bd3 f6 12. O-O fxe5 13. fxe5 Rxf3 14. Rxf3 Nxe5
15. Qf4 Nxf3+ 16. gxf3 Bd7 17. Qf7+ Kh8 18. Qh5 g6 19. Bxg6 Qg8 20. Nf7+ Kg7
21. Qh6+ Kf6 22. Qg5+ Kg7 23. Qh6+ Kf6 24. Qg5+ Kg7 25. Qxe7 Qe8 26. Qg5 hxg6 {
(=)} 27. Ne5 Rc8 28. Kh1 d3 29. cxd3 d4 30. Rg1 Bc6 31. h4 Rc7 32. Qf4 Kg8 33.
Nxg6 Rg7 34. Qf6 Qf7 35. Qxf7+ Kxf7 36. Ne5+ Kf6 37. Rxg7 Kxe5 38. Kg2 Kf4 39.
Rf7+ Ke3 40. h5 Be8 41. h6 Bxf7 42. h7 Bh5 43. h8=Q Bxf3+ 44. Kf1 Kxd3 45. Qh3
1-0

[Event "TIPC 2007 Open"]
[Site "Charleroi"]
[Date "2007.07.30"]
[Round "3.4"]
[White "Hetley, Laszio"]
[Black "Jourdain, Jean François"]
[Result "1/2-1/2"]
[WhiteElo "2344"]
[BlackElo "2091"]
[PlyCount "140"]

1. d4 e6 2. c4 Nf6 3. Nf3 Bb4+ 4. Bd2 Qe7 5. g3 O-O 6. Bg2 Nc6 7. O-O Bxd2 8.
Qxd2 d6 9. Nc3 e5 10. d5 Nd8 11. e4 Nh5 12. Qg5 Qxg5 13. Nxg5 h6 14. Nf3 f5 15.
c5 fxe4 16. Nxe4 Bg4 17. Nfd2 Nf7 18. Rac1 Rac8 19. Nc4 Be2 20. Rfe1 Bxc4 21.
Rxc4 Nf6 22. Nxf6+ gxf6 23. Rec1 dxc5 24. Rxc5 Nd6 25. Bh3 f5 26. Rxc7 Rxc7 27.
Rxc7 Rf7 28. Rc3 Kg7 29. a4 Kf6 30. f4 Re7 31. a5 a6 32. Bg2 exf4 33. gxf4 Re1+
34. Kf2 Rb1 35. Rc2 Ra1 36. Re2 Kf7 37. Re6 Ne4+ 38. Bxe4 fxe4 39. Rxh6 Rxa5
40. Rh7+ Ke8 41. Rxb7 Rxd5 42. Ke3 Rh5 43. Kxe4 Rxh2 44. Ke5 Rc2 45. b4 Rc6 46.
f5 Kf8 47. f6 Rc1 48. Rb6 Re1+ 49. Kd5 Ra1 50. Kc6 Kf7 51. Kb7 Ra4 52. Kc7 Ra1
53. Kc6 Ra2 54. Kd5 Ra1 55. Kc4 Rc1+ 56. Kb3 Ra1 57. Rd6 Rb1+ 58. Kc3 Ra1 59.
Rb6 Ra3+ 60. Kc2 Ra2+ 61. Kb3 Ra1 62. Rd6 Rb1+ 63. Kc3 Ra1 64. Kc4 Rc1+ 65. Kd5
Rd1+ 66. Kc5 Ra1 67. Rb6 Rc1+ 68. Kd6 Rd1+ 69. Kc6 Ra1 70. Kb7 Ra4 {(=)}
1/2-1/2

[Event "TIPC 2007 Open"]
[Site "Charleroi"]
[Date "2007.07.30"]
[Round "3.5"]
[White "Hody, Pierre"]
[Black "Jadoul, Michel"]
[Result "0-1"]
[WhiteElo "2114"]
[BlackElo "2337"]
[PlyCount "27"]

1. e4 c5 2. Nf3 g6 3. d4 Bg7 4. dxc5 Qa5+ 5. c3 Qxc5 6. Na3 Nf6 7. Nb5 b6 8.
Be3 Qc6 9. e5 Ne4 10. Qd5 Qxd5 11. Nc7+ Kf8 12. Nxd5 Nc6 13. Bc4 Bb7 14. O-O-O
0-1